Embrujo / (Registro nro. 30516)

Detalles MARC
000 -LEADER
fixed length control field 01254nam a22002897a 4500
003 - CONTROL NUMBER IDENTIFIER
control field OSt
005 - DATE AND TIME OF LATEST TRANSACTION
control field 20240628142058.0
008 - FIXED-LENGTH DATA ELEMENTS--GENERAL INFORMATION
fixed length control field 240207t20102012sp jr 000 0dspa d
020 ## - INTERNATIONAL STANDARD BOOK NUMBER
International Standard Book Number 9788408004714
037 ## - SOURCE OF ACQUISITION
Materials specified Donación
040 ## - CATALOGING SOURCE
Original cataloging agency CO-JMCR
Transcribing agency CO-JMCR
Modifying agency CO-JMCR
Description conventions rda
Language of cataloging spa
041 1# - LANGUAGE CODE
Language code of text/sound track or separate title spa
Language code of original eng
082 04 - DEWEY DECIMAL CLASSIFICATION NUMBER
Classification number J-N
Item number HAWe
100 1# - MAIN ENTRY--PERSONAL NAME
Relator term autor
Personal name Hawkins, Rachel
9 (RLIN) 43207
Dates associated with a name 1979-
245 1# - TITLE STATEMENT
Title Embrujo /
Statement of responsibility, etc. Hawkins Rachel
246 ## - VARYING FORM OF TITLE
Title proper/short title Spellbound
260 ## - PUBLICATION, DISTRIBUTION, ETC.
Place of publication, distribution, etc. Barcelona :
Name of publisher, distributor, etc. Destino ,
Date of publication, distribution, etc. ©2011
300 ## - PHYSICAL DESCRIPTION
Extent 254 páginas ;
Dimensions 22 cm.
490 ## - SERIES STATEMENT
Series statement Hex Hall
500 ## - GENERAL NOTE
General note Incluye información de la autora
520 ## - SUMMARY, ETC.
Summary, etc. ¡Justo ahora que ya no tengo poderes los necesito! ¿Cómo, si no, voy a derrotar al ejército de demonios dispuesto a acabar con los míos? ¡Ni hablar! Aunque tenga que permitir que el fantasma de mi archienemiga de clase me posea para ganar esa batalla, no voy a dejar que ese hatajo de demonios estropeen mi romance con... ¿Archer? ¿Cal?'
521 ## - TARGET AUDIENCE NOTE
Target audience note Para mayores de 13 años.
650 14 - SUBJECT ADDED ENTRY--TOPICAL TERM
Source of heading or term JMCR
Topical term or geographic name entry element Literatura juvenil
Form subdivision Novela Juvenil
General subdivision Magia en la literatura
Geographic subdivision España
9 (RLIN) 43217
650 24 - SUBJECT ADDED ENTRY--TOPICAL TERM
Source of heading or term JMCR
Topical term or geographic name entry element Novela juvenil
General subdivision Fantasia
Geographic subdivision España
9 (RLIN) 43218
700 ## - ADDED ENTRY--PERSONAL NAME
Personal name Castellanos Arfelis, Ariadna,
Relator term Traductora
9 (RLIN) 43210
942 ## - ADDED ENTRY ELEMENTS (KOHA)
Source of classification or shelving scheme Dewey Decimal Classification
Koha item type Books
Existencias
Withdrawn status Lost status Damaged status Not for loan Home library Current library Shelving location Date acquired Source of acquisition Total Checkouts Total Renewals Full call number Barcode Date last seen Date last checked out Copy number Price effective from Koha item type
        Biblioteca Pública José María del Castillo y Rada Biblioteca Pública José María del Castillo y Rada Fiction 12/15/2023 Donación 2 1 J-N HAWe 201812139 10/15/2025 09/25/2025 EJ.1 02/07/2024 Books